TRIBOTECHNIKA (TECHNIKA MAZÁNÍ) V ČSSR

Bibliographic Details
Main Author: Šafr, Emil (Author)
Format: Article
Language:Czech

MARC

LEADER 00000nab a2200000uu 4500
001 vtls011153265
003 SK-MaSNL
005 20260303104713.0
008 230121|1971 xo |||||||||||||||||cze|
015 |a SNBRB 
035 |a (urnnbn)urn:nbn:sk:snk:ar-a0a5l1 
035 |a (uuid)fb57135f-bd4c-4966-9e24-3a9120314817 
035 |a urn:nbn:sk:snk-abb29u 
040 |a SNKBUCL  |b slo  |c SNKBUCL  |e AACR2 
041 0 |a cze 
044 |a xo  |c SK 
100 1 |a Šafr, Emil  |4 aut  |9 586764 
245 1 0 |a TRIBOTECHNIKA (TECHNIKA MAZÁNÍ) V ČSSR  |c Emil Šafr 
773 0 |t Ropa a uhlie : technológia ropy a uhľovodíkových plynov, chemické zužitkovanie uhlia, palivá, technika mazania  |g Roč. 13, č. 9 (1971), s. 475-478 
958 |a OND 
958 |a EUIPO 
958 |a article14 
999 |c 1858066  |d 1859996